000 00869nam a2200277 a 4500
005 20260322212047.0
008 data
010 _a 90071606
020 _a096283291X
020 _a9780962832918
040 _aDLC
_cDLC
043 _an-us-az
050 0 0 _aF819.J4
_bR85 1990
092 _a979.1 R85 1990
100 1 _aRuland-Thorne, Kate.
245 1 0 _aExperience Jerome and the Verde Valley :
_blegends and legacies /
_cKate Ruland-Thorne & James Bishop.
260 _aSedona, Ariz. :
_bThorne Enterprises,
_c1990.
300 _avi, 278 p. :
_bill. ;
_c22 cm.
504 _aIncludes bibliographical references (p. 268-277).
651 0 _aJerome (Ariz.)
_xHistory.
651 0 _aVerde River Valley (Ariz.)
_xHistory.
651 0 _aJerome (Ariz.)
_xBiography.
651 0 _aVerde River Valley (Ariz.)
_xBiography.
700 1 _aBishop, James,
_cJr.
001 data
999 _c1103
_d1103